00325pam a2200145a 44500008004100000020000900041041001200050082000900062100001500071245002600086250000600112260004400118300000800162650000900170230515b1998 xxu||||| |||| 00| 0 eng d aNULL aENGLISH aN.D. aLale. R. D aComputers In Medicine a0 aNULLbTata McGraw Hill Publishingc1998 a248 aNULL